mirrorball - taylor swift lyrics - Statistics

General Stats
  • This quiz has been taken 382 times
  • The average score is 219 of 252
Answer Stats
Answer % Correct
i
100%
you
100%
a
99%
mirrorball
99%
to
99%
i'm
98%
when
98%
know
97%
on
97%
every
96%
is
96%
me
96%
the
96%
want
96%
in
95%
my
94%
do
93%
just
93%
of
93%
for
92%
still
92%
and
91%
i'll
90%
shining
90%
show
90%
tiptoes
90%
tonight
90%
version
90%
everything
89%
highest
89%
yourself
89%
at
88%
but
88%
heels
88%
no
88%
they
88%
tallest
87%
try
87%
love
86%
spinning
85%
trying
85%
get
84%
one
84%
all
83%
around
83%
looking
83%
that
83%
dear
82%
hush
80%
don't
78%
never
78%
why
78%
end
77%
near
77%
been
76%
find
76%
floor
76%
i've
76%
laughing
76%
natural
76%
you'll
76%
rodeo
75%
said
75%
believer
73%
circus
73%
keep
73%
beautiful
72%
break
71%
can
71%
clowns
71%
million
71%
pieces
71%
down
70%
out
70%
change
69%
disco
69%
like
69%
not
69%
tightrope
69%
fit
68%
horses
68%
home
66%
sent
66%
about
65%
shimmering
65%
called
64%
off
64%
trapeze
63%
are
61%
because
60%
regulars
60%
it's
58%
watch
48%
as
43%
masquerade
43%
burned
42%
glisten
41%
revelers
40%
drunk
39%
edges
36%
shattered
33%
No matching quizzes found
Score Distribution
Percent of People with Each Score
Percentile by Number Answered
Your Score History
You have not taken this quiz